000
00325nam a22001457a 4500
008
231124b ||||| |||| 00| 0 eng d
020
_a
9780674931909
041
_a
eng
080
_a
330.01
082
_a
330.01
100
_a
23
101
_a
MBE
245
_a
VALUE IN ETHICS AND ECONOMICS
_c
ANDERSON.E
942
_2
udc
_c
BK
999
_c
60523
_d
60523